LDR 00692naa#a2200169#i#450# 001 EN\\bibl\121425 005 20260516174830.6 011 ## _a1994-4683 100 ## _a20230531b2023####ek#y0engy0150####ca 102 ## _aRU 200 1# _aCOMPARATIVE ANALYSIS OF THE RESULTS OF THE STATE EXAM ON PHYSICAL TRAINING OF THE MILITARY ACADEMY OF AEROSPACE DEFENSE SINCE 2018 TO 2022 _eJournal article 210 1# _aMoscow _cNational State University of Physical Education, Sports and Health named after P.F. Lesgaft _d2023 215 ## _a4 с. 608 ## _aJournal article _2local 675 ## _aМетоды проверки и оценки успеваемости. 378.146 _z 700 #1 _a _g 856 4# _auchzapiski.lesgaft.spb.ru _u